Sprawa kwidzyńska 1982
| Titel: | Sprawa kwidzyńska 1982 : internowanie, pobicie, proces / tekst Karol Nawrocki; wybór i oprac. materiałów ikonograficznych Karol Lisiecki |
|---|---|
| Verfasser: | |
| Beteiligt: | |
| Veröffentlicht: | Gdańsk [u.a.] : Instytut Pamie̢ci Narodowej - Komisja Ścigania Zbrodni Przeciwko Narodowi Polskiemu, 2012 |
| Umfang: | 280 S. : Ill. ; 33 cm |
| Format: | Buch |
| Sprache: | Polnisch |
| ISBN: | 8362129913 ; 8376293656 ; 9788362129911 ; 9788376293653 |
| Hinweise zum Inhalt: |
Inhaltsverzeichnis
|
alg: 33420491
001A $03004:29-11-13
001B $01999:09-06-23 $t21:13:02.000
001C $03004:13-03-14 $t14:43:17.000
001D $03004:13-03-14
001U $0utf8
001X $00
002@ $0Aau
003@ $0334204917
004A $083-62129-91-3
004A $083-7629-365-6
004A $A978-83-62129-91-1
004A $A978-83-7629-365-3
006L $0BV041344723 $2BVB
007A $0BV041344723 $aBVB
009P $qapplication/pdf $A2 $3Inhaltsverzeichnis $uhttp://scans.hebis.de/HEBCGI/show.pl?33420491_toc.pdf $mB:DE-12
010@ $apol
011@ $a2012 $n2012
021A $aSprawa kwidzyńska 1982 $dinternowanie, pobicie, proces $htekst Karol Nawrocki; wybór i oprac. materiałów ikonograficznych Karol Lisiecki
028A $#Nawrocki, Karol Tadeusz $D20220215 $Ecgwrk $71164246690 $8Nawrocki, Karol$Z1983- [Tp3] $9434878715
028C $7 $8Lisiecki, Karol [Tn3] $9337764581
033A $pGdańsk {[u.a.] $nInstytut Pamie̢ci Narodowej - Komisja Ścigania Zbrodni Przeciwko Narodowi Polskiemu
034D $a280 S.
034I $a33 cm
034M $aIll.
044K $RMarienwerder $RWoiwodschaft Pommern $#Marienwerder $#Marienwerder $717863-9 $8Kwidzyn [Tg1] $9040284700
044K $RInternierter $RKriegsgefangenschaft $74130608-9 $8Internierung [Ts1] $908546242X
044K $RKombattant $ROpposition $RWiderstandskämpfer $RProtest $#Government, Resistance to $#Underground movements, War $#Résistance politique $#Mouvements de résistance $#Politischer Widerstand $#Widerstand $#Widerstandsbewegung $#Politischer Widerstand $#Widerstandsbewegung $74079262-6 $8Widerstand [Ts1] $9085225177
044K $RSozialismus $#Staatssozialismus $74182676-0 $8Staatssozialismus [Ts1] $908587972X
045F $a909 $eDDC23BSB
045F/01 $a909
045F/03 $f0904
045F/03 $g43832
045R $aGeschichte 1982
lok: 33420491 24
101B $022-04-14 $t10:15:03.000
101C $022-04-14
101U $0utf8
145Z/01 $a6 8 M 76
145Z/02 $a6 7 Od
exp: 33420491 24 1 #EPN
201B/01 $022-04-14 $t10:15:03.000
201C/01 $029-11-13
201U/01 $0utf8
203@/01 $0723781222
208@/01 $a13-03-14 $bz
209A/01 $a2° - 14.02497 $du $f050 $h14 02497 $x00
209C/01 $a14.02497 K $h14 02497 K
209G/01 $a73378346 $x00
209G/01 $aGroßformat $x01
220C/01 $awal
247C/01 $8358050-7 Marburg, Bibliothek des Herder-Instituts Marburg $9102600961
lok: 33420491 78
exp: 33420491 78 1 #EPN
201B/01 $018-12-19 $t10:33:45.000
201C/01 $018-12-19
201U/01 $0utf8
203@/01 $01073111237
208@/01 $a18-12-19 $be
209A/01 $a/ $f000 $x00
209A/01 $ab*p $x01
220C/01 $apgar
244Z/01 $#Generalgouvernement Polen $#Polska $#Rzeczpospolita Polska $#Polska Rzeczpospolita Ludowa $#Poland $#Pologne $#République Polonaise $#Generalne Gubernatorstwo w Polsce $#Polish People's Republic $#Polska Rzeczpospolita Polen $#PRL $#RP $#Polen Generalgouvernement $#Polska Generalgouvernement $#Besetzte Polnische Gebiete $#Besetztes Gebiet in Polen $#Okupowane Polskie Obszary $#Obszary Okupowane w Polsce $#Volksrepublik Polen $#Polska Rosyjska $#Republic Polen $#Respublika Pol'ša $#Pol'skaja Narodnaja Respublika $#République de Pologne $#Polen Links der Weichsel $#Polska po Lewej Stronie Wisły $#Lenkija $#Polija $#Gubernija Carstva Pol'skago $#Republik Polen $74046496-9 $8--Tg1--Polen $x01 $9085129801
244Z/01 $#Preußen $#Preußen $#Brandenburg-Preußen $#Königreich Preußen $#Preußische Staaten $#Preußischer Staat $#Der @Preußische Staat $#Königlich Preußische Staaten $#Prusy Królewskie $#Königlich Preußen $#Prussia $74047194-9 $8--Tg1--Preußen $x02 $9085131652
247C/01 $82080>Marburg/Lahn, Herder-Institut, Forschungsbibliothek, Bibliographieportal $9336309341
| LEADER | 00000cam a2200000 c 4500 | ||
|---|---|---|---|
| 001 | 334204917 | ||
| 003 | DE-603 | ||
| 005 | 20230609211302.0 | ||
| 007 | tu | ||
| 008 | 131129s2012 xx |||| | u00||u|pol c | ||
| 020 | |a 8362129913 | ||
| 020 | |a 8376293656 | ||
| 020 | |a 9788362129911 | ||
| 020 | |a 9788376293653 | ||
| 035 | |a (DE-599)BVBBV041344723 | ||
| 035 | |a (DE-604)BV041344723 | ||
| 040 | |a DE-603 |b ger |c DE-603 |d DE-603 | ||
| 041 | |a pol | ||
| 082 | 0 | 4 | |8 1\u |a 909 |q DE-101 |2 23/BSB |
| 085 | |8 1\u |b 909 | ||
| 085 | |8 1\u |z 1 |s 0904 | ||
| 085 | |8 1\u |z 2 |s 43832 | ||
| 100 | 1 | |a Nawrocki, Karol |d 1983- |0 (DE-603)434878715 |0 (DE-588)1164246690 |2 gnd | |
| 245 | 0 | 0 | |a Sprawa kwidzyńska 1982 |b internowanie, pobicie, proces |c tekst Karol Nawrocki; wybór i oprac. materiałów ikonograficznych Karol Lisiecki |
| 264 | 1 | |a Gdańsk [u.a.] |b Instytut Pamie̢ci Narodowej - Komisja Ścigania Zbrodni Przeciwko Narodowi Polskiemu |c 2012 | |
| 300 | |a 280 S. |b Ill. |c 33 cm | ||
| 648 | 7 | |a Geschichte 1982 |2 gnd | |
| 650 | 7 | |a Internierung |0 (DE-588)4130608-9 |0 (DE-603)08546242X |2 gnd | |
| 650 | 7 | |a Widerstand |0 (DE-588)4079262-6 |0 (DE-603)085225177 |2 gnd | |
| 650 | 7 | |a Staatssozialismus |0 (DE-588)4182676-0 |0 (DE-603)08587972X |2 gnd | |
| 651 | 7 | |a Kwidzyn |0 (DE-588)17863-9 |0 (DE-603)040284700 |2 gnd | |
| 700 | 1 | |a Lisiecki, Karol |0 (DE-603)337764581 | |
| 856 | 4 | 2 | |m B:DE-12 |q application/pdf |u http://scans.hebis.de/HEBCGI/show.pl?33420491_toc.pdf |3 Inhaltsverzeichnis |
| 924 | 0 | |9 Mb 50 |a (DE-603)723781222 |b DE-Mb50 |c HES |d c |g 2° - 14.02497 |h Großformat | |
| 924 | 0 | |9 2080 |a (DE-603)1073111237 |b DE-2080 |c HES |d d |g / | |


